Central Library OPAC University of Rajshahi

نصیحت کا کرن پھول ;; naseeht ka karn phol / (Record no. 85225)

MARC details
000 -LEADER
fixed length control field 00514naa a2200181 4500
001 - CONTROL NUMBER
control field 85225
003 - CONTROL NUMBER IDENTIFIER
rucl marc code BD-RjUL
005 - DATE AND TIME OF LATEST TRANSACTION
control field 20250717102719.0
008 - FIXED-LENGTH DATA ELEMENTS--GENERAL INFORMATION
fixed length control field 250717s19?? |||||||| |||| 00| 0 urd d
035 ## - SYSTEM CONTROL NUMBER
System control number (BD-RjUL)85225
040 ## - CATALOGING SOURCE
Original cataloging agency BD-RjUL
Language of cataloging eng
Transcribing agency BD-RjUL
041 ## - LANGUAGE CODE
Language code of text/sound track or separate title urd
082 ## - DEWEY DECIMAL CLASSIFICATION NUMBER
Edition number 23
Classification number 891.4393
Author mark and year HUN 19??
245 ## - TITLE STATEMENT
Title نصیحت کا کرن پھول ;; naseeht ka karn phol /
Statement of responsibility, etc. محمد حسین Muhammad Hussain
260 ## - PUBLICATION, DISTRIBUTION, ETC. (IMPRINT)
Place of publication, distribution, etc. Delhi :
Name of publisher, distributor, etc. Azad book ,
Date of publication, distribution, etc. 19??
300 ## - PHYSICAL DESCRIPTION
Pagination 1112 p.;
Size 17 cm
942 ## - ADDED ENTRY ELEMENTS (KOHA)
Source of classification or shelving scheme Dewey Decimal Classification
Koha item type Books
Holdings
Lost status Source of classification or shelving scheme Damaged status Not for loan Collection code Permanent Location Current Location Shelving location Date acquired Total Checkouts Full call number Date last seen Copy number Koha item type
  Dewey Decimal Classification   Not For Loan Non-fiction Central Library, University of Rajshahi Central Library, University of Rajshahi Reading Room 17/07/2025   U 891.4393 HUN 19?? 17/07/2025 C-1 Books